<?xml version="1.0" encoding="UTF-8"?>
<marc:record xmlns:marc="http://www.loc.gov/MARC21/slim">
   <marc:leader>00000nam a2200000 a 4500</marc:leader>
   <marc:datafield ind1="1" ind2=" " tag="100">
      <marc:subfield code="a">McFadden, Freida</marc:subfield>
      <marc:subfield code="4">aut</marc:subfield>
      <marc:subfield code="e">Verfasser/-in</marc:subfield>
   </marc:datafield>
   <marc:datafield ind1="0" ind2="0" tag="245">
      <marc:subfield code="a">The Housemaid Is Watching</marc:subfield>
   </marc:datafield>
   <marc:datafield ind1="0" ind2="0" tag="245">
      <marc:subfield code="c">McFadden, Freida</marc:subfield>
   </marc:datafield>
   <marc:datafield ind1=" " ind2="1" tag="264">
      <marc:subfield code="a">London</marc:subfield>
      <marc:subfield code="b">Dorling Kindersley</marc:subfield>
      <marc:subfield code="c">2024</marc:subfield>
   </marc:datafield>
   <marc:datafield ind1="1" ind2=" " tag="490">
      <marc:subfield code="a">The Housemaid</marc:subfield>
      <marc:subfield code="v">3</marc:subfield>
   </marc:datafield>
   <marc:datafield ind1="1" ind2=" " tag="520">
      <marc:subfield code="a">Die Tage, in denen Millie die Häuser wohlhabender Menschen geputzt hat, liegen lange zurück. Ihr Traum von einem eigenen Haus in einer ruhigen Nachbarschaft, wo ihre Kinder spielen können, ist wahr geworden. Doch Millie wird das Gefühl nicht los, dass etwas nicht stimmt. Sie fühlt sich beobachtet. Schließlich macht sie einen grausigen Fund, und ihre Vergangenheit holt sie mit voller Wucht wieder ein. Ist die Vorstadtidylle in Wahrheit eine tödliche Falle, aus der es kein Entkommen gibt? Nur eins ist sicher: Um ihre Familie zu schützen, würde Millie alles tun.</marc:subfield>
   </marc:datafield>
   <marc:datafield ind1=" " ind2=" " tag="020">
      <marc:subfield code="a">9781464223310</marc:subfield>
      <marc:subfield code="9">9781464223310</marc:subfield>
   </marc:datafield>
   <marc:datafield ind1=" " ind2=" " tag="020">
      <marc:subfield code="a">1464223319</marc:subfield>
      <marc:subfield code="9">1464223319</marc:subfield>
   </marc:datafield>
   <marc:datafield ind1=" " ind2=" " tag="041">
      <marc:subfield code="a">eng</marc:subfield>
   </marc:datafield>
   <marc:datafield ind1=" " ind2=" " tag="300">
      <marc:subfield code="a">346 Seiten</marc:subfield>
   </marc:datafield>
</marc:record>
